[Event "DVM U20w 2017"]
[Site "Düsseldorf GER"]
[Date "2017.12.27"]
[Round "1"]
[White "Halas, Julia"]
[Black "Miljkovic, Jovana"]
[Result "1/2-1/2"]
[Termination "normal"]
[Board "1.1"]
[BlackTitle "WFM"]
[WhiteElo "1901"]
[BlackElo "1882"]
[WhiteClock "00:30:34"]
[BlackClock "00:33:20"]
[WhiteTeam "SG Leipzig"]
[BlackTeam "SV Lingen"]
[PlyCount "45"]
[WhiteFideId "12931810"]
[BlackFideId "958336"]
[EventCountry "GER"]
[EventRounds "7"]
[EventType "team-round robin"]
[EventDate "2017.12.26"]

1. d4 {[%clk 1:30:57]} Nf6 {[%clk 1:30:55]} 2. c4 {[%clk 1:31:21]} e6 {[%clk
1:31:23]} 3. Nf3 {[%clk 1:31:45]} d5 {[%clk 1:31:48]} 4. Nc3 {[%clk 1:32:05]}
dxc4 {[%clk 1:32:14]} 5. e4 {[%clk 1:32:24]} Bb4 {[%clk 1:32:36]} 6. Bxc4
{[%clk 1:32:34]} Nxe4 {[%clk 1:32:44]} 7. O-O {[%clk 1:32:49]} Nxc3 {[%clk
1:33:08]} 8. bxc3 {[%clk 1:33:14]} Be7 {[%clk 1:33:35]} 9. Ne5 {[%clk 1:33:24]}
O-O {[%clk 1:33:29]} 10. Qg4 {[%clk 1:33:28]} Nc6 {[%clk 1:30:48]} 11. Re1
{[%clk 1:32:45]} Bf6 {[%clk 1:23:46]} 12. Ba3 Be7 13. Nxc6 {[%clk 1:28:55]}
bxc6 {[%clk 1:12:35]} 14. Bxe7 {[%clk 1:28:15]} Qxe7 {[%clk 1:12:36]} 15. Qe4
{[%clk 1:21:49]} Bd7 {[%clk 1:03:17]} 16. Qe5 {[%clk 1:13:14]} Qd6 {[%clk
0:59:25]} 17. Rab1 {[%clk 1:09:25]} Rfb8 {[%clk 0:52:57]} 18. Qa5 {[%clk
0:53:24]} Rb6 {[%clk 0:50:08]} 19. Rb3 {[%clk 0:52:39]} Qf8 {[%clk 0:42:21]}
20. Qe5 {[%clk 0:45:34]} Qd6 {[%clk 0:37:14]} 21. Qa5 {[%clk 0:38:11]} Qf8
{[%clk 0:34:28]} 22. Qe5 {[%clk 0:30:35]} Qd6 {[%clk 0:33:20]} 23. Qa5 {[%clk
0:30:34]} 1/2-1/2

[Event "DVM U20w 2017"]
[Site "Düsseldorf GER"]
[Date "2017.12.27"]
[Round "1"]
[White "Schlichter, Lisa"]
[Black "Halas, Lena"]
[Result "0-1"]
[Termination "normal"]
[Board "1.2"]
[WhiteElo "1669"]
[BlackElo "1786"]
[WhiteClock "00:27:02"]
[BlackClock "00:29:01"]
[WhiteTeam "SV Lingen"]
[BlackTeam "SG Leipzig"]
[PlyCount "94"]
[WhiteFideId "12926396"]
[BlackFideId "12931799"]
[EventCountry "GER"]
[EventRounds "7"]
[EventType "team-round robin"]
[EventDate "2017.12.26"]

1. e4 {[%clk 1:30:56]} c6 {[%clk 1:30:49]} 2. d4 {[%clk 1:31:12]} d5 {[%clk
1:31:13]} 3. e5 {[%clk 1:31:27]} g6 {[%clk 1:29:35]} 4. Be3 {[%clk 1:29:09]}
Bg7 {[%clk 1:29:52]} 5. Nf3 {[%clk 1:25:23]} Nh6 {[%clk 1:28:00]} 6. Nbd2
{[%clk 1:20:47]} Be6 7. Bd3 {[%clk 1:18:59]} Nd7 {[%clk 1:26:00]} 8. O-O {[%clk
1:14:55]} Nf5 {[%clk 1:25:31]} 9. c3 {[%clk 1:03:18]} O-O {[%clk 1:24:38]} 10.
Ng5 {[%clk 1:03:18]} Nxe3 {[%clk 1:22:46]} 11. fxe3 {[%clk 1:03:25]} Bh6 {[%clk
1:22:19]} 12. Ndf3 {[%clk 1:02:12]} Bg4 {[%clk 1:22:02]} 13. Qe1 {[%clk
0:58:10]} Bxf3 {[%clk 1:00:35]} 14. Nxf3 {[%clk 0:58:18]} Qb6 {[%clk 1:00:24]}
15. Rb1 {[%clk 0:53:51]} c5 {[%clk 0:59:47]} 16. Kh1 {[%clk 0:49:27]} c4 {[%clk
0:58:26]} 17. Bc2 {[%clk 0:48:42]} Qe6 {[%clk 0:54:52]} 18. e4 {[%clk 0:44:38]}
Nb6 {[%clk 0:41:36]} 19. Qh4 {[%clk 0:38:22]} Kg7 {[%clk 0:39:12]} 20. Ng5
{[%clk 0:32:08]} Bxg5 {[%clk 0:35:56]} 21. Qxg5 {[%clk 0:32:26]} f6 {[%clk
0:35:22]} 22. exf6+ {[%clk 0:31:23]} exf6 {[%clk 0:34:45]} 23. Qh4 {[%clk
0:27:57]} Rae8 {[%clk 0:31:48]} 24. Rbe1 {[%clk 0:22:18]} Qd7 {[%clk 0:25:04]}
25. exd5 {[%clk 0:19:52]} Nxd5 {[%clk 0:25:01]} 26. Qg3 {[%clk 0:18:48]} b5
{[%clk 0:24:23]} 27. Qf3 {[%clk 0:15:12]} f5 {[%clk 0:22:31]} 28. h3 {[%clk
0:11:07]} b4 {[%clk 0:21:49]} 29. Qg3 {[%clk 0:08:28]} f4 {[%clk 0:20:08]} 30.
Qf2 {[%clk 0:06:04]} bxc3 {[%clk 0:18:00]} 31. bxc3 {[%clk 0:06:16]} Nxc3
{[%clk 0:18:15]} 32. a3 {[%clk 0:05:29]} Nd5 {[%clk 0:16:15]} 33. Be4 {[%clk
0:05:11]} Ne3 {[%clk 0:11:25]} 34. Bf3 {[%clk 0:03:41]} Nxf1 {[%clk 0:10:56]}
35. Rxf1 {[%clk 0:04:03]} Re3 {[%clk 0:10:35]} 36. Rd1 {[%clk 0:03:01]} Rxa3
{[%clk 0:09:41]} 37. d5 {[%clk 0:02:18]} Re3 {[%clk 0:07:50]} 38. Qb2+ {[%clk
0:02:16]} c3 {[%clk 0:07:59]} 39. Qc2 {[%clk 0:01:50]} a5 {[%clk 0:05:56]} 40.
Ra1 {[%clk 0:01:23]} Ra8 {[%clk 0:02:51]} 41. Ra4 {[%clk 0:30:15]} Rxf3 {[%clk
0:28:40]} 42. gxf3 {[%clk 0:30:24]} Qxh3+ {[%clk 0:29:04]} 43. Kg1 {[%clk
0:27:53]} Qg3+ {[%clk 0:28:43]} 44. Qg2 {[%clk 0:27:07]} Qxg2+ {[%clk 0:29:02]}
45. Kxg2 {[%clk 0:27:33]} Rc8 {[%clk 0:29:12]} 46. Ra1 {[%clk 0:26:43]} c2
{[%clk 0:29:15]} 47. Rc1 {[%clk 0:27:02]} Kf6 {[%clk 0:29:01]} 0-1

[Event "DVM U20w 2017"]
[Site "Düsseldorf GER"]
[Date "2017.12.27"]
[Round "1"]
[White "Hartewig, Anja"]
[Black "Möller, Hannah"]
[Result "1-0"]
[Termination "normal"]
[Board "1.3"]
[WhiteElo "1779"]
[BlackElo "1636"]
[WhiteClock "01:30:56"]
[BlackClock "01:30:57"]
[WhiteTeam "SG Leipzig"]
[BlackTeam "SV Lingen"]
[PlyCount "121"]
[WhiteFideId "12917966"]
[BlackFideId "1270514"]
[EventCountry "GER"]
[EventRounds "7"]
[EventType "team-round robin"]
[EventDate "2017.12.26"]

1. d4 Nf6 2. c4 g6 3. Nf3 Bg7 4. g3 O-O 5. Bg2 d6 6. O-O a6 7. Nc3 Nc6 8. e4
Rb8 9. Qe2 b5 10. d5 Na5 11. e5 dxe5 12. Nxe5 Bd7 13. Re1 Nxc4 14. Nxc4 bxc4
15. Qxc4 Bb5 16. Qc5 Qd6 17. Qe3 Rfe8 18. Qf3 Bc4 19. Bf4 Qd7 20. Rab1 e6 21.
dxe6 Rxe6 22. b3 Rxe1+ 23. Rxe1 Be6 24. Ne4 Nxe4 25. Qxe4 a5 26. Qc2 Rc8 27.
Rd1 Qe7 28. Qc6 Qa3 29. Qc2 a4 30. bxa4 Qxa2 31. Qxa2 Bxa2 32. a5 c6 33. a6 Bf8
34. Rd7 Be6 35. Rc7 Rxc7 36. Bxc7 Bc8 37. a7 Bb7 38. Kf1 Bc5 39. Bb8 Kf8 40.
Ke2 Ke8 41. f4 f5 42. Kf3 Bg1 43. Bf1 c5+ 44. Ke2 c4 45. Kd2 Bxh2 46. Bxc4 Bxg3
47. Ba6 Ba8 48. Ke3 Bh4 49. Kd4 Bf2+ 50. Ke5 Kd8 51. Kf6 Bd4+ 52. Kg5 Bg7 53.
Be5 Bxe5 54. fxe5 Ke7 55. Kf4 h5 56. Be2 g5+ 57. Kxg5 h4 58. Kxh4 Ke6 59. Kg3
Kxe5 60. Bf3 f4+ 61. Kf2 1-0

[Event "DVM U20w 2017"]
[Site "Düsseldorf GER"]
[Date "2017.12.27"]
[Round "1"]
[White "Schäfer, Leonie"]
[Black "Oswald, Lena"]
[Result "0-1"]
[Termination "normal"]
[Board "1.4"]
[WhiteElo "1395"]
[BlackElo "1670"]
[WhiteClock "00:04:29"]
[BlackClock "00:09:32"]
[WhiteTeam "SV Lingen"]
[BlackTeam "SG Leipzig"]
[PlyCount "82"]
[WhiteFideId "16241851"]
[BlackFideId "12983314"]
[EventCountry "GER"]
[EventRounds "7"]
[EventType "team-round robin"]
[EventDate "2017.12.26"]

1. Nf3 {[%clk 1:30:57]} Nf6 {[%clk 1:28:09]} 2. g3 {[%clk 1:31:17]} d5 {[%clk
1:27:46]} 3. Bg2 {[%clk 1:31:33]} e6 {[%clk 1:27:39]} 4. O-O {[%clk 1:31:48]}
Be7 {[%clk 1:27:37]} 5. c4 {[%clk 1:31:00]} O-O {[%clk 1:26:40]} 6. Nc3 {[%clk
1:29:08]} c6 {[%clk 1:18:26]} 7. cxd5 {[%clk 1:29:18]} exd5 8. d4 Bf5 {[%clk
1:15:47]} 9. Qb3 {[%clk 1:28:34]} Qc8 {[%clk 1:10:10]} 10. Na4 {[%clk 1:16:52]}
Nbd7 {[%clk 1:10:10]} 11. Bf4 {[%clk 1:16:52]} Re8 {[%clk 1:06:28]} 12. Ne5
{[%clk 1:13:06]} Nxe5 {[%clk 1:06:06]} 13. Bxe5 {[%clk 1:12:56]} Ne4 {[%clk
0:47:06]} 14. Rfd1 {[%clk 1:08:52]} Ng5 {[%clk 0:39:09]} 15. Bf4 {[%clk
1:05:31]} Nh3+ {[%clk 0:33:51]} 16. Bxh3 {[%clk 1:01:20]} Bxh3 {[%clk 0:34:15]}
17. Rd3 {[%clk 0:50:12]} Bg4 {[%clk 0:26:53]} 18. f3 {[%clk 0:47:16]} Bf5
{[%clk 0:26:50]} 19. Rc3 {[%clk 0:47:27]} Bf6 {[%clk 0:26:01]} 20. e3 {[%clk
0:41:01]} Be7 {[%clk 0:19:25]} 21. Re1 {[%clk 0:37:28]} g5 {[%clk 0:16:10]} 22.
e4 {[%clk 0:37:21]} gxf4 {[%clk 0:16:27]} 23. exf5 {[%clk 0:37:39]} Qxf5 {[%clk
0:16:24]} 24. Kg2 {[%clk 0:37:15]} b5 {[%clk 0:15:08]} 25. Re5 {[%clk 0:35:48]}
Qg6 {[%clk 0:13:25]} 26. Nc5 {[%clk 0:34:05]} fxg3 {[%clk 0:11:52]} 27. hxg3
{[%clk 0:32:53]} Bd6 {[%clk 0:11:57]} 28. Ree3 {[%clk 0:20:06]} Qxg3+ {[%clk
0:11:40]} 29. Kf1 {[%clk 0:20:31]} Qh3+ {[%clk 0:10:35]} 30. Ke2 {[%clk
0:19:10]} Bf4 {[%clk 0:10:38]} 31. Ne4 {[%clk 0:15:13]} dxe4 {[%clk 0:10:10]}
32. Rxe4 {[%clk 0:15:32]} Rxe4+ {[%clk 0:10:01]} 33. fxe4 {[%clk 0:15:53]} Qg2+
{[%clk 0:09:37]} 34. Ke1 {[%clk 0:15:46]} Qxe4+ {[%clk 0:09:58]} 35. Kf2 {[%clk
0:12:47]} Re8 {[%clk 0:09:27]} 36. Qd1 {[%clk 0:09:29]} Be3+ {[%clk 0:09:27]}
37. Kg3 {[%clk 0:08:28]} Qf4+ {[%clk 0:08:58]} 38. Kh3 {[%clk 0:06:32]} Re4
{[%clk 0:08:44]} 39. Rxe3 {[%clk 0:03:56]} Rxe3+ {[%clk 0:09:07]} 40. Kg2
{[%clk 0:04:17]} Rg3+ {[%clk 0:09:32]} 41. Kh1 {[%clk 0:04:29]} Qh4# 0-1

[Event "DVM U20w 2017"]
[Site "Düsseldorf GER"]
[Date "2017.12.27"]
[Round "1"]
[White "Lohrmann, Tabea"]
[Black "Wolff, Marie Antoinette"]
[Result "1-0"]
[Termination "normal"]
[Board "2.1"]
[WhiteElo "1694"]
[BlackElo "1744"]
[WhiteClock "00:10:03"]
[BlackClock "00:11:56"]
[WhiteTeam "SK Endingen"]
[BlackTeam "Leegebrucher SF"]
[PlyCount "103"]
[WhiteFideId "12911941"]
[BlackFideId "12908258"]
[EventCountry "GER"]
[EventRounds "7"]
[EventType "team-round robin"]
[EventDate "2017.12.26"]

1. e4 {[%clk 1:30:57]} c5 {[%clk 1:30:46]} 2. Nf3 {[%clk 1:31:15]} Nc6 {[%clk
1:31:05]} 3. d4 {[%clk 1:31:35]} cxd4 {[%clk 1:29:43]} 4. Nxd4 {[%clk 1:31:57]}
e6 {[%clk 1:28:49]} 5. Nc3 {[%clk 1:31:22]} Bc5 {[%clk 1:27:46]} 6. Be3 {[%clk
1:30:58]} Bb6 {[%clk 1:24:08]} 7. Qd2 {[%clk 1:29:42]} Nge7 {[%clk 1:23:45]} 8.
O-O-O {[%clk 1:28:08]} O-O {[%clk 1:22:30]} 9. f3 {[%clk 1:27:33]} Nxd4 {[%clk
1:22:30]} 10. Bxd4 {[%clk 1:27:33]} Bxd4 {[%clk 1:22:30]} 11. Qxd4 {[%clk
1:27:33]} Nc6 {[%clk 1:23:08]} 12. Qd6 {[%clk 1:15:52]} a6 {[%clk 1:20:40]} 13.
g4 {[%clk 1:15:52]} b5 {[%clk 1:20:42]} 14. h4 {[%clk 1:07:28]} Qb6 {[%clk
1:19:30]} 15. Kb1 {[%clk 1:01:44]} Qa5 {[%clk 1:10:30]} 16. g5 {[%clk 0:50:44]}
b4 {[%clk 1:10:06]} 17. Ne2 {[%clk 0:50:45]} Bb7 {[%clk 1:04:00]} 18. Bg2
{[%clk 0:48:05]} Qb5 {[%clk 0:59:02]} 19. Nf4 {[%clk 0:40:01]} a5 {[%clk
0:55:09]} 20. Bf1 {[%clk 0:37:22]} Qe5 {[%clk 0:53:31]} 21. Ng2 {[%clk
0:29:53]} a4 {[%clk 0:48:14]} 22. Ne3 {[%clk 0:26:49]} b3 {[%clk 0:38:31]} 23.
Nc4 {[%clk 0:20:21]} Qb5 {[%clk 0:36:09]} 24. Na3 {[%clk 0:18:35]} bxc2+ {[%clk
0:35:41]} 25. Kxc2 {[%clk 0:18:23]} Qb4 {[%clk 0:34:39]} 26. Nc4 {[%clk
0:14:53]} Rac8 {[%clk 0:32:25]} 27. Kb1 {[%clk 0:13:59]} Ba6 {[%clk 0:30:58]}
28. Qxb4 {[%clk 0:12:20]} Nxb4 {[%clk 0:31:11]} 29. Nb6 {[%clk 0:11:57]} Bxf1
{[%clk 0:30:01]} 30. Rhxf1 {[%clk 0:12:01]} Rc6 {[%clk 0:27:39]} 31. Nxd7
{[%clk 0:10:14]} Rfc8 {[%clk 0:27:03]} 32. Rc1 {[%clk 0:09:49]} Rxc1+ {[%clk
0:21:29]} 33. Rxc1 {[%clk 0:10:15]} Rxc1+ {[%clk 0:21:51]} 34. Kxc1 {[%clk
0:10:38]} Nxa2+ {[%clk 0:22:14]} 35. Kd2 {[%clk 0:10:35]} Nb4 {[%clk 0:21:12]}
36. Nc5 {[%clk 0:10:36]} Nc6 {[%clk 0:20:35]} 37. Nxa4 {[%clk 0:08:07]} Kf8
{[%clk 0:20:42]} 38. f4 {[%clk 0:07:17]} Ke7 {[%clk 0:20:31]} 39. Kc3 {[%clk
0:04:51]} Kd7 {[%clk 0:17:09]} 40. b4 {[%clk 0:03:04]} f6 {[%clk 0:13:18]} 41.
b5 {[%clk 0:28:07]} Nd8 {[%clk 0:42:35]} 42. Kc4 {[%clk 0:26:05]} Kc7 {[%clk
0:39:57]} 43. Nc5 {[%clk 0:23:36]} Kd6 {[%clk 0:35:06]} 44. Kd4 {[%clk
0:18:34]} f5 {[%clk 0:29:26]} 45. e5+ {[%clk 0:16:26]} Kc7 {[%clk 0:29:30]} 46.
Kc4 {[%clk 0:12:59]} Kb6 {[%clk 0:25:57]} 47. Kb4 {[%clk 0:12:14]} h5 {[%clk
0:24:34]} 48. g6 {[%clk 0:11:13]} Kc7 {[%clk 0:23:11]} 49. Ka5 {[%clk 0:11:14]}
Kc8 {[%clk 0:18:15]} 50. Ka6 {[%clk 0:11:16]} Kc7 {[%clk 0:14:47]} 51. b6+
{[%clk 0:10:39]} Kb8 {[%clk 0:11:56]} 52. b7 {[%clk 0:10:03]} 1-0

[Event "DVM U20w 2017"]
[Site "Düsseldorf GER"]
[Date "2017.12.27"]
[Round "1"]
[White "Schiewe, Nadin"]
[Black "Schneider, Xenia"]
[Result "1-0"]
[Termination "normal"]
[Board "2.2"]
[WhiteElo "1498"]
[BlackElo "1320"]
[WhiteClock "00:33:34"]
[BlackClock "00:21:44"]
[WhiteTeam "Leegebrucher SF"]
[BlackTeam "SK Endingen"]
[PlyCount "101"]
[WhiteFideId "16209079"]
[BlackFideId "12911984"]
[EventCountry "GER"]
[EventRounds "7"]
[EventType "team-round robin"]
[EventDate "2017.12.26"]

1. d4 c6 2. e4 d5 {[%clk 1:30:41]} 3. e5 {[%clk 1:30:39]} Bf5 {[%clk 1:31:01]}
4. Bd3 {[%clk 1:30:17]} Bxd3 {[%clk 1:31:01]} 5. Qxd3 {[%clk 1:30:17]} e6 6. f4
Qb6 {[%clk 1:23:36]} 7. Nf3 {[%clk 1:19:41]} c5 {[%clk 1:06:48]} 8. c3 {[%clk
1:16:37]} Nc6 {[%clk 0:58:23]} 9. O-O {[%clk 1:12:31]} cxd4 {[%clk 0:38:46]}
10. cxd4 {[%clk 1:12:44]} Nge7 {[%clk 0:38:58]} 11. b3 {[%clk 1:07:00]} Nb4
{[%clk 0:33:13]} 12. Qd2 {[%clk 1:04:49]} Rc8 {[%clk 0:33:07]} 13. Nc3 {[%clk
1:04:15]} h5 {[%clk 0:32:21]} 14. Ba3 {[%clk 0:57:18]} Nf5 {[%clk 0:31:59]} 15.
Rac1 {[%clk 0:54:46]} Nc6 {[%clk 0:26:34]} 16. Bxf8 {[%clk 0:53:39]} Kxf8
{[%clk 0:25:57]} 17. Na4 {[%clk 0:45:13]} Qb5 {[%clk 0:20:59]} 18. Rc5 {[%clk
0:43:10]} Qa6 {[%clk 0:18:52]} 19. Rfc1 {[%clk 0:41:57]} Ke7 {[%clk 0:14:54]}
20. R5c2 {[%clk 0:30:45]} Rb8 {[%clk 0:13:19]} 21. Nc5 {[%clk 0:23:38]} Qb5
{[%clk 0:13:12]} 22. Nxb7 {[%clk 0:19:30]} Rxb7 {[%clk 0:06:09]} 23. Rxc6
{[%clk 0:19:51]} Rd8 {[%clk 0:05:43]} 24. R1c5 {[%clk 0:17:06]} Qb4 {[%clk
0:05:41]} 25. Rc7+ {[%clk 0:16:18]} Rd7 {[%clk 0:05:54]} 26. Rxd7+ {[%clk
0:15:30]} Kxd7 {[%clk 0:06:16]} 27. Rc2 {[%clk 0:15:34]} Qb6 {[%clk 0:06:00]}
28. Kf2 {[%clk 0:13:44]} f6 {[%clk 0:04:44]} 29. Qc3 {[%clk 0:12:39]} Rc7
{[%clk 0:03:41]} 30. Qxc7+ {[%clk 0:12:44]} Qxc7 {[%clk 0:04:08]} 31. Rxc7+
{[%clk 0:13:07]} Kxc7 {[%clk 0:04:35]} 32. h3 {[%clk 0:13:06]} h4 {[%clk
0:04:24]} 33. Ke2 {[%clk 0:12:08]} Kb6 34. Kd3 {[%clk 0:12:10]} Kb5 {[%clk
0:03:19]} 35. a3 {[%clk 0:10:16]} a6 {[%clk 0:03:30]} 36. Kc3 {[%clk 0:09:01]}
a5 {[%clk 0:03:46]} 37. a4+ {[%clk 0:07:59]} Kc6 {[%clk 0:03:53]} 38. b4 {[%clk
0:07:50]} Kb6 {[%clk 0:03:55]} 39. b5 {[%clk 0:07:28]} Kc7 {[%clk 0:03:29]} 40.
Kd3 {[%clk 0:07:25]} Kb6 {[%clk 0:03:29]} 41. Nd2 {[%clk 0:04:05]} Ng3 {[%clk
0:26:40]} 42. Nb3 {[%clk 0:32:14]} Ne4 {[%clk 0:20:33]} 43. Nd2 {[%clk
0:31:05]} Nxd2 {[%clk 0:20:31]} 44. Kxd2 {[%clk 0:31:29]} f5 {[%clk 0:20:49]}
45. Ke2 {[%clk 0:31:35]} g6 {[%clk 0:21:07]} 46. Kf3 {[%clk 0:31:52]} Kc7
{[%clk 0:21:03]} 47. g3 {[%clk 0:32:09]} Kb6 {[%clk 0:20:59]} 48. gxh4 {[%clk
0:32:30]} Kc7 {[%clk 0:21:06]} 49. Kg3 {[%clk 0:32:54]} Kd7 {[%clk 0:21:22]}
50. h5 {[%clk 0:33:15]} gxh5 {[%clk 0:21:44]} 51. Kh4 {[%clk 0:33:34]} 1-0

[Event "DVM U20w 2017"]
[Site "Düsseldorf GER"]
[Date "2017.12.27"]
[Round "1"]
[White "Wagner, Lena"]
[Black "Jacoby, Angelina"]
[Result "1-0"]
[Termination "normal"]
[Board "2.3"]
[WhiteElo "1259"]
[BlackElo "1167"]
[WhiteClock "01:29:19"]
[BlackClock "01:28:19"]
[WhiteTeam "SK Endingen"]
[BlackTeam "Leegebrucher SF"]
[PlyCount "94"]
[WhiteFideId "12983470"]
[BlackFideId "12999008"]
[EventCountry "GER"]
[EventRounds "7"]
[EventType "team-round robin"]
[EventDate "2017.12.26"]

1. d4 d5 2. Nf3 f5 3. Bf4 e6 4. Nc3 c6 5. g3 Nf6 6. Bg2 Bd6 7. Ne5 Qc7 8. Qd3
Nbd7 9. Qe3 O-O 10. Nd3 Nb6 11. b3 Ne4 12. Nxe4 fxe4 13. Bxd6 Qxd6 14. Nc5 e5
15. O-O Nd7 16. Nxd7 Bxd7 17. c4 Qf6 18. Rad1 Bg4 19. f3 exf3 20. exf3 exd4 21.
Rxd4 Rae8 22. Qf2 Be6 23. f4 dxc4 24. bxc4 Rd8 25. Rfd1 Bxc4 26. Qd2 Rxd4 27.
Qxd4 Qxd4+ 28. Rxd4 Bxa2 29. Ra4 Be6 30. Rxa7 Rb8 31. Kf2 Kf8 32. Ke3 Ke7 33.
Bxc6 Bc8 34. Kd4 Kf6 35. Bf3 b5 36. g4 b4 37. g5+ Kg6 38. h4 b3 39. h5+ Kf5 40.
Be4+ Kxf4 41. Rxg7 b2 42. Bb1 Rb5 43. g6 Rxh5 44. gxh7 Rh1 45. Rf7+ Kg5 46. Rf8
Rxb1 47. h8=Q Rd1+ 1-0

[Event "DVM U20w 2017"]
[Site "Düsseldorf GER"]
[Date "2017.12.27"]
[Round "1"]
[White "Mylke, Sandy-Michelle"]
[Black "Wagner, Anna"]
[Result "0-1"]
[Termination "normal"]
[Board "2.4"]
[WhiteElo "1350"]
[BlackElo "1297"]
[WhiteClock "01:24:43"]
[BlackClock "00:37:04"]
[WhiteTeam "Leegebrucher SF"]
[BlackTeam "SK Endingen"]
[PlyCount "150"]
[WhiteFideId "16235045"]
[BlackFideId "12983489"]
[EventCountry "GER"]
[EventRounds "7"]
[EventType "team-round robin"]
[EventDate "2017.12.26"]

1. e4 {[%clk 1:30:55]} e5 {[%clk 1:30:52]} 2. Nf3 {[%clk 1:31:16]} Nc6 {[%clk
1:31:10]} 3. Bc4 {[%clk 1:31:35]} Bc5 {[%clk 1:31:07]} 4. c3 {[%clk 1:31:56]}
Nf6 {[%clk 1:31:22]} 5. d4 {[%clk 1:32:16]} exd4 {[%clk 1:31:39]} 6. cxd4
{[%clk 1:32:36]} Bb4+ {[%clk 1:32:02]} 7. Bd2 {[%clk 1:32:51]} Bxd2+ {[%clk
1:31:13]} 8. Nbxd2 {[%clk 1:33:07]} d6 {[%clk 1:31:20]} 9. O-O {[%clk 1:33:22]}
Bg4 {[%clk 1:31:37]} 10. Qe1 {[%clk 1:32:48]} O-O {[%clk 1:31:44]} 11. h3
{[%clk 1:31:59]} Bh5 {[%clk 1:31:53]} 12. e5 {[%clk 1:32:13]} Ne8 {[%clk
1:30:13]} 13. e6 {[%clk 1:30:54]} Qf6 14. Ne4 Qf5 {[%clk 1:21:50]} 15. Ng3
{[%clk 1:30:57]} Qg6 {[%clk 1:18:15]} 16. e7 Nxe7 {[%clk 1:15:56]} 17. Qxe7
{[%clk 1:28:54]} Nf6 {[%clk 1:12:06]} 18. Rae1 Rae8 {[%clk 1:11:59]} 19. Qxc7
{[%clk 1:27:40]} Rc8 {[%clk 1:05:37]} 20. Qxd6 {[%clk 1:27:20]} Rxc4 {[%clk
1:04:50]} 21. Ne5 Qc2 {[%clk 0:55:38]} 22. Nxc4 {[%clk 1:27:45]} Qxc4 {[%clk
0:55:40]} 23. Rc1 {[%clk 1:28:02]} Qxa2 {[%clk 0:54:21]} 24. Rc7 {[%clk
1:28:06]} Qxb2 {[%clk 0:51:17]} 25. Re7 {[%clk 1:28:13]} h6 {[%clk 0:47:54]}
26. Qc5 {[%clk 1:27:13]} a6 {[%clk 0:47:11]} 27. Nxh5 {[%clk 1:27:31]} Nxh5
{[%clk 0:44:00]} 28. Qxh5 {[%clk 1:27:49]} b5 {[%clk 0:43:02]} 29. d5 {[%clk
1:27:56]} Qd4 {[%clk 0:42:45]} 30. Rd1 {[%clk 1:28:09]} Qc5 {[%clk 0:42:56]}
31. Qg4 {[%clk 1:27:28]} Qxe7 {[%clk 0:40:14]} 32. d6 {[%clk 1:27:33]} Qe6
{[%clk 0:39:29]} 33. Qd4 {[%clk 1:27:04]} Rd8 {[%clk 0:38:57]} 34. Qb6 {[%clk
1:26:20]} Qf6 {[%clk 0:36:54]} 35. Qc7 {[%clk 1:26:01]} b4 {[%clk 0:34:27]} 36.
d7 {[%clk 1:26:08]} Qe7 {[%clk 0:32:17]} 37. Qc8 {[%clk 1:25:04]} a5 {[%clk
0:31:46]} 38. Ra1 {[%clk 1:23:23]} Qxd7 {[%clk 0:30:38]} 39. Qxd7 {[%clk
1:22:42]} Rxd7 {[%clk 0:30:58]} 40. Rxa5 {[%clk 1:23:05]} b3 {[%clk 0:30:15]}
41. Rb5 {[%clk 1:23:23]} Rd1+ {[%clk 0:29:48]} 42. Kh2 {[%clk 1:23:42]} Rb1
{[%clk 0:30:07]} 43. g4 {[%clk 1:23:24]} g5 {[%clk 0:29:44]} 44. Kg3 {[%clk
1:23:41]} b2 {[%clk 0:29:54]} 45. Kf3 {[%clk 1:23:56]} Kg7 {[%clk 0:30:04]} 46.
Ke2 {[%clk 1:23:53]} Kg6 {[%clk 0:29:23]} 47. Rb6+ {[%clk 1:23:50]} f6 {[%clk
0:29:38]} 48. Kd2 {[%clk 1:24:12]} h5 {[%clk 0:29:42]} 49. Kc2 {[%clk 1:24:24]}
Rh1 {[%clk 0:29:51]} 50. Rxb2 {[%clk 1:24:19]} Rxh3 {[%clk 0:30:10]} 51. Rb4
{[%clk 1:24:26]} Rh2 {[%clk 0:30:29]} 52. gxh5+ {[%clk 1:24:09]} Kxh5 {[%clk
0:30:38]} 53. Kd3 {[%clk 1:24:21]} Rxf2 {[%clk 0:30:59]} 54. Ke3 {[%clk
1:24:25]} Rf5 {[%clk 0:30:50]} 55. Rb1 {[%clk 1:24:27]} g4 {[%clk 0:30:57]} 56.
Ke2 {[%clk 1:22:53]} g3 {[%clk 0:31:11]} 57. Rf1 {[%clk 1:22:57]} Rf2+ {[%clk
0:30:37]} 58. Rxf2 {[%clk 1:23:15]} gxf2 {[%clk 0:31:02]} 59. Kxf2 {[%clk
1:23:38]} Kg4 60. Kg2 {[%clk 1:23:33]} f5 {[%clk 0:31:42]} 61. Kf2 {[%clk
1:23:55]} Kf4 {[%clk 0:31:56]} 62. Ke2 {[%clk 1:23:29]} Kf3+ {[%clk 0:32:42]}
63. Kf1 Ke2+ 64. Kg2 {[%clk 1:23:27]} f4 {[%clk 0:33:04]} 65. Kh3 {[%clk
1:22:50]} f3 {[%clk 0:33:29]} 66. Kg3 {[%clk 1:22:58]} f2 {[%clk 0:33:48]} 67.
Kg4 {[%clk 1:23:18]} f1=Q {[%clk 0:34:11]} 68. Kg5 {[%clk 1:23:33]} Ke3 69. Kg6
{[%clk 1:23:52]} Ke4 {[%clk 0:35:05]} 70. Kg7 {[%clk 1:23:45]} Ke5 {[%clk
0:35:30]} 71. Kg6 {[%clk 1:23:53]} Qf2 {[%clk 0:35:54]} 72. Kg5 {[%clk
1:23:59]} Qg2+ {[%clk 0:36:19]} 73. Kh6 {[%clk 1:24:20]} Kf5 {[%clk 0:36:41]}
74. Kh7 {[%clk 1:24:28]} Kf6 {[%clk 0:37:04]} 75. Kh8 {[%clk 1:24:43]} Qg7# 0-1

[Event "DVM U20w 2017"]
[Site "Düsseldorf GER"]
[Date "2017.12.27"]
[Round "1"]
[White "Schneider, Jana"]
[Black "Gatzke, Carolin"]
[Result "0-1"]
[Termination "normal"]
[Board "3.1"]
[WhiteTitle "FM"]
[WhiteElo "2222"]
[BlackElo "1787"]
[WhiteTeam "Spvgg 1946 Stetten"]
[BlackTeam "Karlsruher SF"]
[PlyCount "64"]
[WhiteFideId "12924997"]
[BlackFideId "12943746"]
[EventCountry "GER"]
[EventRounds "7"]
[EventType "team-round robin"]
[EventDate "2017.12.26"]

1. e4 d5 2. exd5 Qxd5 3. Nc3 Qa5 4. d4 c6 5. Bc4 Bf5 6. Nf3 Nf6 7. Bd2 Qc7 8.
Ne5 e6 9. g4 Bg6 10. Qe2 Nbd7 11. Nxg6 hxg6 12. g5 Nh5 13. d5 cxd5 14. Nxd5 Qc6
15. O-O-O Rc8 16. Bb3 Nc5 17. Bc4 Nd7 18. Ne3 Nf4 19. Qg4 Nh3 20. Bc3 Nxf2 21.
Qf4 Nxh1 22. Rf1 Bc5 23. Bd3 Bxe3+ 24. Qxe3 Nc5 25. Be2 Rxh2 26. Qf4 Rxe2 27.
Qxf7+ Kd8 28. Qxg7 Nd7 29. Rf8+ Kc7 30. Rf7 Nf2 31. Be5+ Kb6 32. Bd4+ Ka6 0-1

[Event "DVM U20w 2017"]
[Site "Düsseldorf GER"]
[Date "2017.12.27"]
[Round "1"]
[White "Grining, Maria"]
[Black "Siegl, Melina"]
[Result "0-1"]
[Termination "normal"]
[Board "3.2"]
[WhiteElo "1639"]
[BlackElo "2023"]
[WhiteTeam "Karlsruher SF"]
[BlackTeam "Spvgg 1946 Stetten"]
[PlyCount "56"]
[WhiteFideId "16235037"]
[BlackFideId "1272126"]
[EventCountry "GER"]
[EventRounds "7"]
[EventType "team-round robin"]
[EventDate "2017.12.26"]

1. Nf3 d6 2. c4 e5 3. Nc3 g6 4. e3 Bg7 5. d4 Nc6 6. d5 Nce7 7. Be2 h6 8. Rb1 f5
9. O-O Nf6 10. b3 g5 11. Bb2 Ng6 12. Nd2 g4 13. f3 h5 14. Bd3 Qe7 15. Qe2 gxf3
16. gxf3 Qf7 17. Kh1 h4 18. Rg1 Nh5 19. Nf1 Ne7 20. Nb5 Ng8 21. Qg2 a6 22. Na3
Ne7 23. Be2 Bh6 24. Qf2 f4 25. Bc1 Nf5 26. Nc2 Nhg3+ 27. Nxg3 Nxg3+ 28. Kg2 h3#
0-1